Diseño simplificado de concreto reforzado.
| Main Author: | |
|---|---|
| Format: | Section = Libro |
| Language: | Undetermined Spanish |
| Published: |
México
Limusa/Noriega
1996
|
| Edition: | 3a.ed. |
| Subjects: |
| LEADER | 00630nam a2200217Ia 4500 | ||
|---|---|---|---|
| 008 | 241007s9999||||xx |||||||||||||| ||und|| | ||
| 020 | |a 968-18-5-190-0 | ||
| 040 | |a BIBLIOTECA-RURC/ 624.153 P238 | ||
| 041 | |a spa | ||
| 082 | |a 624.153 P238 | ||
| 100 | 1 | |a Parker, Harry | |
| 245 | 1 | 0 | |a Diseño simplificado de concreto reforzado. |
| 250 | |a 3a.ed. | ||
| 260 | |a México |b Limusa/Noriega |c 1996 | ||
| 300 | |a 349 p. :il. | ||
| 650 | 7 | |a CONCRETO REFORZADO | |
| 650 | 7 | |b PROPIEDADES DEL CONCRETO ESTRUCTURAL | |
| 650 | 7 | |c ESPECIFICACIONES PARA EL DISEÑO DE ESTRUCTURAS DE CONCRETO. | |
| 942 | |c BK |2 ddc | ||
| 991 | |a TEXTO | ||
| 999 | |c 14475 | ||